D Words That End A-Z Quiz Stats

 Plays Quiz Updated Nov 8, 2017

Challenge
Share
Tweet
Embed
Score 0/26 Timer 04:00
2 Plays Today
Definition Word % Correct
A set of numbers or information; normally used in statisticsData
94.1%
Abrv. for someone who mixes or commentates popular musicDJ
91.9%
An abnormally small person with atypical limb proportionsDwarf
91.5%
To pull along with difficultyDrag
91.5%
To lightly touch or tap; usually applied to medicineDab
90.1%
A pastry or a term used to describe someone from DenmarkDanish
87.6%
An administrative officer at a universityDean
85.7%
A shop selling ready-to-serve foodsDeli
85.4%
An obligation or liability to pay to someone elseDebt
81.7%
A sense of extreme fear or alarmDread
79.1%
Abrv. for a franchise known for its ice creamDQ
78.5%
One with a disorder impairing spelling abilityDyslexic
78.4%
A stupid, inept, or foolish personDork
74.9%
Definition Word % Correct
Abrv. for an American agency that administers driver's licensesDMV
72.8%
Slang for 'the same'; a duplicate or copyDitto
68.4%
A coarse cloth, usually made of cotton, used in various clothing itemsDenim
68.2%
A two-family house, or a Ben Stiller movieDuplex
68.1%
To erase or removeDelete
62.3%
A young woman or maidenDamsel
58.9%
A scatterbrained or eccentric personDitz
55.8%
To decode or break down, usually referencing a cryptic messageDecipher
55.4%
The scattered remains of something brokenDebris
54.2%
It's behind all the windows on your computer screenDesktop
49%
Notorious concentration camp located in GermanyDachau
43.2%
An adjective usually used to describe a villain; cowardly and maliciousDastardly
42.8%
A merciful strike which kills its recipient Deathblow
26.5%

You're not logged in!

Compare scores with friends on all Sporcle quizzes.
Join for Free
OR
Log In

You Might Also Like...

Show Comments

Extras

Top Quizzes Today


Score Distribution

Your Account Isn't Verified!

In order to create a playlist on Sporcle, you need to verify the email address you used during registration. Go to your Sporcle Settings to finish the process.

Report this User

Report this user for behavior that violates our Community Guidelines.

Details: